[Event "WCO 2016"]
[Site "?"]
[Date "2016.09.13"]
[Round "11"]
[Board "6"]
[WhiteID "16300653"]
[White "Shih Ching-An"]
[BlackID "502324"]
[Black "Puuska Heini"]
[Result "0-1"]
[BlackElo "1926"]
[WhiteElo "1460"]
[LiveChessVersion "1.4.8"]

1. Nf3 {[%clk 1:30:55]} Nf6 {[%clk 1:30:54]} 2. g3 {[%clk 1:31:16]} d5
{[%clk 1:31:17]} 3. Bg2 {[%clk 1:31:27]} c6 {[%clk 1:31:26]} 4. d4
{[%clk 1:31:43]} Bf5 {[%clk 1:29:56]} 5. Nbd2 {[%clk 1:31:47]} h6
{[%clk 1:29:15]} 6. c3 {[%clk 1:30:35]} e6 {[%clk 1:28:44]} 7. Ne5
{[%clk 1:27:54]} Nbd7 {[%clk 1:27:40]} 8. Ndf3 {[%clk 1:28:07]} Be7
{[%clk 1:24:29]} 9. O-O {[%clk 1:27:12]} O-O {[%clk 1:24:08]} 10. Bf4
{[%clk 1:26:28]} Nb6 {[%clk 1:19:24]} 11. b3 {[%clk 1:26:06]} Ne4
{[%clk 1:17:09]} 12. Qc1 {[%clk 1:24:31]} Rc8 {[%clk 1:11:30]} 13. Nd2
{[%clk 1:23:25]} c5 {[%clk 1:09:50]} 14. Nxe4 {[%clk 1:23:33]} dxe4
{[%clk 1:08:27]} 15. f3 {[%clk 1:21:40]} cxd4 {[%clk 1:06:25]} 16. fxe4
{[%clk 1:21:51]} Rxc3 {[%clk 1:00:33]} 17. Qd2 {[%clk 1:20:58]} Bh7
{[%clk 0:59:13]} 18. Ng4 {[%clk 1:14:43]} h5 {[%clk 0:54:56]} 19. Nf2
{[%clk 1:14:19]} f6 {[%clk 0:38:40]} 20. Nd3 {[%clk 1:12:26]} e5 {[%clk 0:36:25]}
21. Be3 {[%clk 1:12:52]} Nc8 {[%clk 0:30:40]} 22. Bf2 {[%clk 1:12:50]} Nd6
{[%clk 0:30:42]} 23. Bxd4 {[%clk 1:05:27]} exd4 {[%clk 0:30:20]} 24. Nf4
{[%clk 1:05:46]} Nxe4 {[%clk 0:23:06]} 25. Bxe4 {[%clk 1:05:52]} Bxe4
{[%clk 0:23:21]} 26. Ne6 {[%clk 1:06:17]} Qd7 {[%clk 0:20:57]} 27. Nxf8
{[%clk 1:05:18]} Bxf8 {[%clk 0:21:06]} 28. Rf4 {[%clk 1:05:09]} Bc6
{[%clk 0:19:38]} 29. Rd1 {[%clk 1:02:56]} Qh3 {[%clk 0:17:13]} 30. e3
{[%clk 1:02:18]} dxe3 {[%clk 0:15:33]} 31. Qe2 {[%clk 1:00:57]} Qe6
{[%clk 0:14:25]} 32. Rfd4 {[%clk 0:57:56]} Qf5 {[%clk 0:11:39]} 33. Rf4
{[%clk 0:51:55]} Qc2 {[%clk 0:09:29]} 34. Qxc2 {[%clk 0:48:28]} Rxc2
{[%clk 0:09:49]} 35. a4 {[%clk 0:47:56]} Rg2+ {[%clk 0:09:06]} 36. Kf1
{[%clk 0:48:09]} e2+ {[%clk 0:09:16]} 37. Ke1 {[%clk 0:48:28]} exd1=Q+
{[%clk 0:09:28]} 38. Kxd1 {[%clk 0:48:51]} Rxh2 {[%clk 0:09:41]} 39. Rd4
{[%clk 0:48:41]} Rg2 {[%clk 0:09:28]} 40. Rd3 {[%clk 1:18:55]} Kf7
{[%clk 0:39:13]} 41. Ke1 {[%clk 1:18:52]} Kg6 {[%clk 0:39:09]} 42. Kf1
{[%clk 1:19:09]} Rb2 {[%clk 0:38:47]} 43. Ke1 {[%clk 1:19:33]} Kf5
{[%clk 0:38:43]} 44. Kd1 {[%clk 1:19:51]} g5 {[%clk 0:38:48]} 45. Kc1
{[%clk 1:20:14]} Rg2 {[%clk 0:39:13]} 46. Kd1 {[%clk 1:20:38]} Kg4
{[%clk 0:39:07]} 47. a5 {[%clk 1:20:31]} a6 {[%clk 0:39:15]} 48. Kc1
{[%clk 1:20:53]} Rxg3 {[%clk 0:39:26]} 49. Rd4+ {[%clk 1:21:17]} Kh3
{[%clk 0:39:36]} 50. Kc2 {[%clk 1:21:35]} f5 {[%clk 0:39:38]} 51. Kb2
{[%clk 1:21:54]} Bg7 {[%clk 0:39:50]} 52. Ka3 {[%clk 1:22:10]} Bxd4
{[%clk 0:40:07]} 53. Ka2 {[%clk 1:22:33]} f4 {[%clk 0:40:15]} 54. Ka3
{[%clk 1:22:56]} f3 {[%clk 0:40:31]} 55. Kb4 {[%clk 1:23:21]} f2 {[%clk 0:40:06]}
56. Kc4 {[%clk 1:23:45]} f1=Q+ {[%clk 0:40:01]} 57. Kxd4 {[%clk 1:24:11]} Qd3+
{[%clk 0:39:38]} 58. Kc5 {[%clk 1:24:25]} Qf5+ {[%clk 0:38:56]} 59. Kb6
{[%clk 1:24:34]} Rxb3+ {[%clk 0:38:29]} 60. Ka7 {[%clk 1:24:54]} Qf2+
{[%clk 0:38:35]} 61. Kb8 {[%clk 1:25:15]} Re3 {[%clk 0:36:44]} 62. Kc7
{[%clk 1:25:27]} Re7+ {[%clk 0:36:41]} 63. Kd6 {[%clk 1:25:04]} Rd7+
{[%clk 0:36:39]} 64. Ke5 {[%clk 1:25:24]} Qf4+ {[%clk 0:36:51]} 65. Ke6
{[%clk 1:25:45]} Qe4+ {[%clk 0:36:46]} 66. Kf6 {[%clk 1:26:07]} Qe7+
{[%clk 0:36:10]} 67. Kg6 {[%clk 1:26:24]} Be4+ {[%clk 0:35:55]} 68. Kh6
{[%clk 1:26:32]} Qf6+ {[%clk 0:35:57]} 69. Kxh5 {[%clk 1:26:57]} Rh7#
{[%clk 0:36:19]} 0-1

[Event "WCO 2016"]
[Site "?"]
[Date "2016.09.13"]
[Round "11"]
[Board "8"]
[WhiteID "16301005"]
[White "Wong Linda Jane"]
[BlackID "504513"]
[Black "Walta Paivi"]
[Result "0-1"]
[BlackElo "1735"]
[WhiteElo "1351"]
[LiveChessVersion "1.4.8"]

1. e4 {[%clk 1:30:48]} c5 {[%clk 1:30:51]} 2. Ne2 {[%clk 1:31:05]} Nc6
{[%clk 1:30:55]} 3. g3 {[%clk 1:30:25]} g6 {[%clk 1:31:00]} 4. Bg2
{[%clk 1:30:17]} Bg7 {[%clk 1:31:18]} 5. O-O {[%clk 1:29:28]} e6 {[%clk 1:29:35]}
6. c3 {[%clk 1:22:23]} Nge7 {[%clk 1:24:07]} 7. d3 {[%clk 1:18:35]} O-O
{[%clk 1:24:07]} 8. Be3 {[%clk 1:17:02]} b6 {[%clk 1:22:49]} 9. Nd2
{[%clk 1:16:02]} d5 {[%clk 1:17:52]} 10. d4 {[%clk 1:05:55]} cxd4
{[%clk 1:17:20]} 11. cxd4 {[%clk 1:00:00]} Ba6 {[%clk 1:17:11]} 12. Nb3
{[%clk 0:49:18]} dxe4 {[%clk 1:14:58]} 13. Bxe4 {[%clk 0:49:04]} Rc8
{[%clk 1:14:53]} 14. Qd2 {[%clk 0:45:47]} Nd5 {[%clk 0:59:58]} 15. a3
{[%clk 0:44:11]} Nce7 {[%clk 0:58:17]} 16. Rfd1 {[%clk 0:43:59]} Qd7
{[%clk 0:54:53]} 17. Nc3 {[%clk 0:42:33]} Bc4 {[%clk 0:50:30]} 18. Nc1
{[%clk 0:40:35]} Rfd8 {[%clk 0:46:42]} 19. Nd3 {[%clk 0:39:14]} Bb3
{[%clk 0:45:13]} 20. Re1 {[%clk 0:37:22]} Nf6 {[%clk 0:44:49]} 21. Bf3
{[%clk 0:37:09]} Ne8 {[%clk 0:40:08]} 22. Nc1 {[%clk 0:35:26]} Bc4
{[%clk 0:39:38]} 23. N1e2 {[%clk 0:34:42]} Nd6 {[%clk 0:39:43]} 24. Red1
{[%clk 0:33:14]} Bb3 {[%clk 0:37:46]} 25. Re1 {[%clk 0:33:01]} Nc4
{[%clk 0:37:57]} 26. Qc1 {[%clk 0:32:16]} Na5 {[%clk 0:37:42]} 27. Qd2
{[%clk 0:29:53]} Nf5 {[%clk 0:37:12]} 28. Bg5 {[%clk 0:22:17]} Re8
{[%clk 0:36:35]} 29. Be3 {[%clk 0:16:49]} Bc4 {[%clk 0:36:25]} 30. Qd1
{[%clk 0:10:26]} Bb3 {[%clk 0:36:08]} 31. Qd2 {[%clk 0:10:03]} Nc4
{[%clk 0:36:31]} 32. Qc1 {[%clk 0:10:25]} Nxd4 {[%clk 0:31:35]} 33. Nxd4
{[%clk 0:08:16]} Bxd4 {[%clk 0:31:42]} 34. Bxd4 {[%clk 0:07:33]} Qxd4
{[%clk 0:32:04]} 35. Re4 {[%clk 0:06:40]} Qg7 {[%clk 0:27:08]} 36. Be2
{[%clk 0:05:13]} Nxb2 {[%clk 0:17:57]} 37. Qxb2 {[%clk 0:02:32]} Rxc3
{[%clk 0:18:06]} 38. Rb1 {[%clk 0:02:21]} Bd5 {[%clk 0:18:25]} 39. Rb4
{[%clk 0:01:06]} Rec8 {[%clk 0:18:26]} 40. h4 {[%clk 0:30:44]} Qh6
{[%clk 0:47:51]} 41. a4 {[%clk 0:23:13]} Rc2 {[%clk 0:46:10]} 42. Qe5
{[%clk 0:22:14]} Qd2 {[%clk 0:46:16]} 43. Kf1 {[%clk 0:20:59]} Rc1+
{[%clk 0:44:51]} 0-1

[Event "WCO 2016"]
[Site "?"]
[Date "2016.09.13"]
[Round "11"]
[Board "9"]
[WhiteID "6700080"]
[White "Hernandez Bera"]
[BlackID "8700478"]
[Black "Mwango Lorita"]
[Result "0-1"]
[BlackElo "1935"]
[WhiteElo "1808"]
[LiveChessVersion "1.4.8"]

1. e4 {[%clk 1:30:57]} c6 {[%clk 1:30:51]} 2. d4 {[%clk 1:31:14]} d5
{[%clk 1:31:17]} 3. exd5 {[%clk 1:31:30]} cxd5 {[%clk 1:31:38]} 4. Bd3
{[%clk 1:31:13]} Nf6 {[%clk 1:31:52]} 5. h3 {[%clk 1:31:12]} Nc6 {[%clk 1:31:57]}
6. c3 {[%clk 1:31:31]} e6 {[%clk 1:31:39]} 7. Nf3 {[%clk 1:31:44]} Bd6
{[%clk 1:29:51]} 8. O-O {[%clk 1:30:02]} h6 {[%clk 1:29:25]} 9. Re1
{[%clk 1:29:32]} O-O {[%clk 1:29:43]} 10. Bc2 {[%clk 1:29:38]} Qc7
{[%clk 1:25:45]} 11. Qe2 {[%clk 1:26:27]} Bd7 {[%clk 1:23:33]} 12. Nbd2
{[%clk 1:25:33]} Rac8 {[%clk 1:23:47]} 13. Bb1 {[%clk 1:22:04]} a6
{[%clk 1:20:29]} 14. Ne5 {[%clk 1:19:58]} Be8 {[%clk 1:01:45]} 15. Ndf3
{[%clk 1:14:26]} Ne7 {[%clk 0:46:49]} 16. Nh4 {[%clk 1:11:18]} Bb5
{[%clk 0:45:32]} 17. Qc2 {[%clk 1:07:16]} Nc6 {[%clk 0:42:43]} 18. Ng4
{[%clk 1:05:22]} Ne4 {[%clk 0:41:02]} 19. Rxe4 {[%clk 1:02:14]} dxe4
{[%clk 0:40:42]} 20. Qxe4 {[%clk 1:00:37]} Rfe8 {[%clk 0:29:00]} 21. Qh7+
{[%clk 0:56:29]} Kf8 {[%clk 0:29:23]} 22. Qh8+ {[%clk 0:56:36]} Ke7
{[%clk 0:29:44]} 23. Qxg7 {[%clk 0:57:01]} Kd8 {[%clk 0:21:14]} 24. Nxh6
{[%clk 0:56:39]} Rf8 {[%clk 0:20:33]} 25. Bg5+ {[%clk 0:55:24]} Ke8
{[%clk 0:20:53]} 26. Ng4 {[%clk 0:54:34]} Be7 {[%clk 0:20:41]} 27. Bxe7
{[%clk 0:48:01]} Qxe7 {[%clk 0:20:42]} 28. Nf6+ {[%clk 0:47:07]} Kd8
{[%clk 0:20:37]} 29. Be4 {[%clk 0:44:11]} Rc7 {[%clk 0:15:58]} 30. b3
{[%clk 0:41:53]} Nb8 {[%clk 0:15:47]} 31. c4 {[%clk 0:42:16]} Be8
{[%clk 0:15:11]} 32. Bf3 {[%clk 0:41:34]} Nd7 {[%clk 0:15:23]} 33. Nxe8
{[%clk 0:26:14]} Kxe8 {[%clk 0:15:37]} 34. Qg3 {[%clk 0:24:58]} Kd8
{[%clk 0:15:26]} 35. d5 {[%clk 0:25:12]} Qf6 {[%clk 0:12:58]} 36. Rd1
{[%clk 0:25:24]} Rh8 {[%clk 0:11:42]} 37. dxe6 {[%clk 0:25:39]} fxe6
{[%clk 0:11:20]} 38. Ng6 {[%clk 0:24:47]} Rg8 {[%clk 0:11:32]} 39. Be4
{[%clk 0:24:49]} Rg7 {[%clk 0:10:30]} 40. Qf4 {[%clk 0:51:36]} Rxg6
{[%clk 0:40:34]} 41. Qxf6+ {[%clk 0:51:34]} Rxf6 {[%clk 0:40:50]} 42. g4
{[%clk 0:51:40]} Ke7 {[%clk 0:41:01]} 43. g5 {[%clk 0:51:44]} Rf4
{[%clk 0:40:24]} 44. f3 {[%clk 0:51:25]} Nc5 {[%clk 0:40:34]} 45. Re1
{[%clk 0:50:00]} Nxe4 {[%clk 0:40:27]} 46. fxe4 {[%clk 0:50:23]} Rc5
{[%clk 0:40:22]} 47. e5 {[%clk 0:50:34]} Rf5 {[%clk 0:40:31]} 48. h4
{[%clk 0:50:58]} Rf4 {[%clk 0:40:14]} 49. Kh2 {[%clk 0:51:00]} Rxh4+
{[%clk 0:40:25]} 50. Kg3 {[%clk 0:51:26]} Rd4 {[%clk 0:40:17]} 51. g6
{[%clk 0:51:25]} Kf8 {[%clk 0:40:30]} 52. b4 {[%clk 0:51:27]} Rcxc4
{[%clk 0:40:16]} 53. Rf1+ {[%clk 0:51:39]} Kg8 {[%clk 0:40:45]} 54. Rf6
{[%clk 0:51:56]} Rc6 {[%clk 0:40:56]} 55. Rf7 {[%clk 0:51:55]} Rxb4
{[%clk 0:41:21]} 56. Re7 {[%clk 0:51:40]} Rc3+ {[%clk 0:40:48]} 0-1

[Event "WCO 2016"]
[Site "?"]
[Date "2016.09.13"]
[Round "11"]
[Board "10"]
[WhiteID "8700648"]
[White "Hamoonga Linda Banti"]
[BlackID "6704743"]
[Black "Herrera Marjorie"]
[Result "1-0"]
[BlackElo "1738"]
[WhiteElo "1783"]
[LiveChessVersion "1.4.8"]

1. d4 {[%clk 1:30:58]} Nf6 {[%clk 1:30:52]} 2. c4 {[%clk 1:31:23]} g6
{[%clk 1:31:18]} 3. Nf3 {[%clk 1:31:39]} Bg7 {[%clk 1:31:39]} 4. g3
{[%clk 1:31:50]} O-O {[%clk 1:32:02]} 5. Bg2 {[%clk 1:32:17]} d6 {[%clk 1:32:25]}
6. O-O {[%clk 1:32:17]} Nc6 {[%clk 1:31:23]} 7. Nc3 {[%clk 1:31:11]} Bg4
{[%clk 1:31:08]} 8. h3 {[%clk 1:29:57]} Bd7 {[%clk 1:28:43]} 9. d5
{[%clk 1:26:39]} Na5 {[%clk 1:27:17]} 10. Qd3 {[%clk 1:26:07]} c5
{[%clk 1:27:15]} 11. Bd2 {[%clk 1:21:11]} a6 {[%clk 1:24:04]} 12. e4
{[%clk 1:17:19]} e5 {[%clk 1:20:53]} 13. dxe6 Bxe6 {[%clk 1:19:25]} 14. b3
{[%clk 1:02:52]} Nc6 {[%clk 1:18:02]} 15. Rad1 {[%clk 0:59:47]} Nb4
{[%clk 1:13:30]} 16. Qb1 {[%clk 0:59:15]} Qd7 {[%clk 1:09:05]} 17. Na4
{[%clk 0:56:28]} Qc7 {[%clk 1:07:04]} 18. Bf4 {[%clk 0:51:48]} Ne8
{[%clk 1:05:01]} 19. a3 {[%clk 0:51:26]} Nc6 {[%clk 1:05:12]} 20. Nxc5
{[%clk 0:51:06]} b6 {[%clk 1:02:12]} 21. Nxe6 {[%clk 0:50:21]} fxe6
{[%clk 1:02:31]} 22. Rd3 {[%clk 0:45:52]} Rd8 {[%clk 1:01:11]} 23. Rfd1
{[%clk 0:44:27]} h6 {[%clk 1:00:50]} 24. e5 {[%clk 0:37:36]} dxe5
{[%clk 0:58:26]} 25. Nxe5 {[%clk 0:31:41]} Rxd3 {[%clk 0:58:37]} 26. Nxd3
{[%clk 0:31:34]} e5 {[%clk 0:58:36]} 27. Be3 {[%clk 0:31:36]} Nd6
{[%clk 0:58:37]} 28. Bxc6 {[%clk 0:28:27]} Qxc6 {[%clk 0:59:00]} 29. Nb4
{[%clk 0:28:46]} Qc7 {[%clk 0:58:48]} 30. Qxg6 {[%clk 0:26:35]} Nf5
{[%clk 0:57:53]} 31. Qxb6 {[%clk 0:22:32]} 1-0

[Event "WCO 2016"]
[Site "?"]
[Date "2016.09.13"]
[Round "11"]
[Board "11"]
[WhiteID "6703089"]
[White "Zavala Galindo Alejandra Beatri"]
[BlackID "8700591"]
[Black "Mbatha Constance"]
[Result "1/2-1/2"]
[BlackElo "1746"]
[WhiteElo "1766"]
[LiveChessVersion "1.4.8"]

1. e4 {[%clk 1:30:56]} e5 {[%clk 1:30:49]} 2. Nf3 {[%clk 1:31:19]} Nc6
{[%clk 1:31:17]} 3. Bb5 {[%clk 1:31:40]} d6 {[%clk 1:31:28]} 4. c3
{[%clk 1:31:31]} Bd7 {[%clk 1:31:44]} 5. d4 {[%clk 1:31:44]} Nf6 {[%clk 1:31:25]}
6. Qe2 {[%clk 1:31:41]} a6 {[%clk 1:31:31]} 7. Ba4 {[%clk 1:29:15]} Be7
{[%clk 1:31:44]} 8. O-O {[%clk 1:29:18]} O-O {[%clk 1:32:10]} 9. Bc2
{[%clk 1:26:41]} Bg4 {[%clk 1:32:12]} 10. d5 {[%clk 1:23:39]} Na7
{[%clk 1:31:57]} 11. h3 {[%clk 1:23:45]} Bh5 {[%clk 1:32:11]} 12. Re1
{[%clk 1:23:02]} c5 {[%clk 1:30:27]} 13. Nbd2 {[%clk 1:17:16]} b5
{[%clk 1:27:15]} 14. a4 {[%clk 1:15:34]} Qc7 {[%clk 1:24:29]} 15. Nf1
{[%clk 1:13:17]} c4 {[%clk 1:23:52]} 16. Be3 {[%clk 1:12:15]} Rfb8
{[%clk 1:24:00]} 17. a5 {[%clk 0:57:22]} Nc8 {[%clk 1:23:20]} 18. g4
{[%clk 0:46:50]} Bg6 {[%clk 1:23:42]} 19. Ng3 {[%clk 0:46:57]} Nd7
{[%clk 1:17:15]} 20. h4 {[%clk 0:45:58]} h6 {[%clk 1:16:08]} 21. h5
{[%clk 0:42:49]} Bh7 {[%clk 1:16:35]} 22. g5 {[%clk 0:43:00]} hxg5
{[%clk 1:16:22]} 23. Nxg5 {[%clk 0:42:20]} Nc5 {[%clk 1:15:32]} 24. Nxh7
{[%clk 0:41:42]} Kxh7 {[%clk 1:15:59]} 25. Nf5 {[%clk 0:39:52]} Bf8
{[%clk 1:16:03]} 26. Qg4 {[%clk 0:38:14]} Ne7 {[%clk 1:15:48]} 27. Kg2
{[%clk 0:29:55]} Qd7 {[%clk 0:53:53]} 28. Bg5 {[%clk 0:23:32]} f6
{[%clk 0:52:51]} 29. Bd2 {[%clk 0:21:22]} Nxf5 {[%clk 0:51:05]} 30. exf5
{[%clk 0:21:38]} Qf7 {[%clk 0:51:11]} 31. Qg6+ {[%clk 0:20:36]} Kg8
{[%clk 0:51:03]} 32. Qxf7+ {[%clk 0:11:23]} Kxf7 {[%clk 0:51:31]} 33. Re3
{[%clk 0:11:06]} Be7 {[%clk 0:51:31]} 34. Rh3 {[%clk 0:10:43]} Rg8
{[%clk 0:50:56]} 35. Be3 {[%clk 0:10:04]} Rac8 {[%clk 0:51:00]} 36. Bd2
{[%clk 0:07:21]} Bd8 {[%clk 0:48:57]} 37. Kf1 {[%clk 0:02:55]} Nb7
{[%clk 0:47:07]} 38. h6 {[%clk 0:02:56]} gxh6 {[%clk 0:46:28]} 39. Rxh6
{[%clk 0:03:03]} Be7 {[%clk 0:44:20]} 40. Ke2 {[%clk 0:32:17]} Rg7
{[%clk 1:11:57]} 41. Rah1 {[%clk 0:32:15]} Rcg8 {[%clk 1:08:32]} 42. Rh8
{[%clk 0:32:09]} Nxa5 {[%clk 0:58:25]} 43. R1h7 {[%clk 0:32:15]} Bf8
{[%clk 0:53:22]} 44. Bh6 {[%clk 0:32:09]} Rxh7 {[%clk 0:52:59]} 45. Rxh7+
{[%clk 0:29:35]} Bg7 {[%clk 0:53:26]} 46. Bxg7 {[%clk 0:28:39]} Rxg7
{[%clk 0:53:53]} 47. Rh8 {[%clk 0:29:01]} Rg8 {[%clk 0:49:28]} 48. Rh7+
{[%clk 0:29:17]} Rg7 {[%clk 0:49:45]} 49. Rh8 {[%clk 0:29:40]} 1/2-1/2

[Event "WCO 2016"]
[Site "?"]
[Date "2016.09.13"]
[Round "11"]
[Board "12"]
[WhiteID "8706964"]
[White "Lubuuto Bwalya Mulwale "]
[BlackID "6702945"]
[Black "Garcia Mendez Alcira Guadalupe"]
[Result "0-1"]
[BlackElo "1815"]
[WhiteElo "1529"]
[LiveChessVersion "1.4.8"]

1. d4 {[%clk 1:30:25]} d5 {[%clk 1:30:52]} 2. c4 {[%clk 1:30:49]} e6
{[%clk 1:31:18]} 3. Bf4 {[%clk 1:31:11]} c5 {[%clk 1:31:42]} 4. e3
{[%clk 1:31:15]} Nc6 {[%clk 1:32:05]} 5. Nf3 {[%clk 1:31:23]} Nf6
{[%clk 1:32:29]} 6. Nc3 {[%clk 1:31:17]} Bd6 {[%clk 1:27:34]} 7. Ne5
{[%clk 1:27:31]} a6 {[%clk 1:21:46]} 8. cxd5 {[%clk 1:22:02]} exd5
{[%clk 1:22:06]} 9. Qa4 {[%clk 1:17:23]} Bxe5 {[%clk 1:14:04]} 10. dxe5
{[%clk 1:15:37]} Nh5 {[%clk 1:12:35]} 11. Rd1 {[%clk 1:11:53]} Be6
{[%clk 1:11:40]} 12. Ne4 {[%clk 1:09:49]} O-O {[%clk 1:00:47]} 13. Nxc5
{[%clk 1:09:50]} b5 {[%clk 1:00:01]} 14. Nxe6 {[%clk 1:04:14]} fxe6
{[%clk 1:00:03]} 15. Qc2 {[%clk 1:01:47]} Rc8 {[%clk 0:59:16]} 16. Qd2
{[%clk 0:59:46]} d4 {[%clk 0:54:02]} 17. Be2 {[%clk 0:58:23]} dxe3
{[%clk 0:53:45]} 18. Bxe3 {[%clk 0:55:54]} Qxd2+ {[%clk 0:53:10]} 19. Rxd2
{[%clk 0:53:44]} Nf4 {[%clk 0:52:52]} 20. Bxf4 {[%clk 0:52:17]} Rxf4
{[%clk 0:52:55]} 21. O-O {[%clk 0:51:39]} Nxe5 {[%clk 0:48:25]} 22. Rd6
{[%clk 0:50:05]} Rc2 {[%clk 0:46:33]} 23. Bd1 {[%clk 0:44:46]} Rxb2
{[%clk 0:46:32]} 24. Bb3 {[%clk 0:44:32]} Nc4 {[%clk 0:45:37]} 25. Rxe6
{[%clk 0:43:29]} a5 {[%clk 0:44:03]} 26. g3 {[%clk 0:40:30]} Rd4 {[%clk 0:19:32]}
27. Rfe1 {[%clk 0:39:04]} h6 {[%clk 0:18:49]} 28. R6e4 {[%clk 0:35:55]} Rdd2
{[%clk 0:16:02]} 29. Rf4 {[%clk 0:34:51]} a4 {[%clk 0:15:22]} 30. Bxc4+
{[%clk 0:32:26]} bxc4 {[%clk 0:14:27]} 31. Re8+ {[%clk 0:31:37]} Kh7
{[%clk 0:14:57]} 32. Rc8 {[%clk 0:31:38]} Rxa2 {[%clk 0:11:02]} 33. Rcxc4
{[%clk 0:31:15]} a3 {[%clk 0:11:29]} 34. Rc1 {[%clk 0:29:44]} Rab2
{[%clk 0:11:34]} 35. Ra1 {[%clk 0:25:24]} a2 {[%clk 0:11:57]} 36. Kg2
{[%clk 0:24:32]} Rb1 {[%clk 0:12:09]} 37. Rxa2 {[%clk 0:24:36]} Rxa2
{[%clk 0:12:32]} 38. h4 {[%clk 0:24:40]} Rbb2 {[%clk 0:12:32]} 39. g4
{[%clk 0:23:22]} Ra6 {[%clk 0:12:19]} 40. g5 {[%clk 0:52:36]} hxg5
{[%clk 0:42:38]} 41. hxg5 {[%clk 0:52:48]} Kg6 {[%clk 0:42:39]} 42. Kg3
{[%clk 0:52:58]} Kxg5 {[%clk 0:42:16]} 43. Rg4+ {[%clk 0:52:57]} Kf6
{[%clk 0:42:21]} 44. Rf4+ {[%clk 0:53:16]} Ke7 {[%clk 0:42:38]} 45. Re4+
{[%clk 0:52:17]} Re6 {[%clk 0:43:02]} 46. Rc4 {[%clk 0:51:27]} Rg6+
{[%clk 0:43:09]} 47. Kf3 {[%clk 0:51:26]} Rf6+ {[%clk 0:43:34]} 48. Ke3
{[%clk 0:51:12]} Rbxf2 {[%clk 0:43:56]} 49. Rc7+ {[%clk 0:50:34]} Kf8
{[%clk 0:44:11]} 50. Rc8+ {[%clk 0:50:35]} Kf7 {[%clk 0:44:35]} 51. Rc7+
{[%clk 0:50:12]} Kg6 {[%clk 0:45:04]} 0-1

[Event "WCO 2016"]
[Site "?"]
[Date "2016.09.13"]
[Round "11"]
[Board "9"]
[WhiteID "11001305"]
[White "Wakuruwarewa Colletta"]
[BlackID "9902651"]
[Black "Ranasinghe S D"]
[Result "1-0"]
[BlackElo "1731"]
[WhiteElo "1716"]
[LiveChessVersion "1.4.8"]

1. e4 {[%clk 1:30:57]} c5 {[%clk 1:30:55]} 2. Nf3 {[%clk 1:31:19]} Nc6
{[%clk 1:31:21]} 3. d4 {[%clk 1:30:45]} cxd4 {[%clk 1:31:47]} 4. Nxd4
{[%clk 1:31:07]} Nf6 {[%clk 1:32:12]} 5. Nc3 {[%clk 1:31:32]} e5 {[%clk 1:32:38]}
6. Nf5 {[%clk 1:30:15]} d5 {[%clk 1:33:01]} 7. exd5 {[%clk 1:29:30]} Bxf5
{[%clk 1:33:27]} 8. dxc6 Qxd1+ {[%clk 1:33:40]} 9. Nxd1 bxc6 10. Ne3
{[%clk 1:28:38]} Bg6 {[%clk 1:33:30]} 11. Ba6 Rb8 12. O-O {[%clk 1:21:16]} Bc5
{[%clk 1:33:35]} 13. Nc4 {[%clk 1:21:09]} O-O {[%clk 1:32:06]} 14. Nxe5
{[%clk 1:21:15]} Bxc2 {[%clk 1:32:31]} 15. Bg5 {[%clk 1:18:16]} Ne4
{[%clk 1:30:58]} 16. Bh4 {[%clk 1:14:52]} g5 {[%clk 1:29:41]} 17. Bg3
{[%clk 1:15:05]} Rxb2 {[%clk 1:22:28]} 18. Nd7 {[%clk 1:14:43]} Rd8
{[%clk 1:22:53]} 19. Nxc5 {[%clk 1:13:53]} Nxc5 {[%clk 1:23:13]} 20. Be5
{[%clk 1:14:10]} Rb4 {[%clk 1:23:16]} 21. Rfc1 {[%clk 1:12:51]} Nxa6
{[%clk 1:23:08]} 22. Rxc2 {[%clk 1:12:48]} c5 {[%clk 1:23:32]} 23. Bf6
{[%clk 1:11:29]} Rdb8 {[%clk 1:23:14]} 24. Bxg5 {[%clk 1:09:43]} Rb1+
{[%clk 1:23:38]} 25. Rc1 {[%clk 1:10:00]} Rxa1 {[%clk 1:23:19]} 26. Rxa1
{[%clk 1:10:19]} Kg7 {[%clk 1:23:43]} 27. h3 {[%clk 1:09:03]} Nb4
{[%clk 1:23:14]} 28. Rb1 {[%clk 1:03:32]} Re8 {[%clk 1:21:42]} 29. Be3
{[%clk 1:02:47]} Rc8 {[%clk 1:21:02]} 30. Kf1 {[%clk 1:02:05]} a6
{[%clk 1:20:33]} 31. a4 {[%clk 0:58:30]} a5 {[%clk 1:19:58]} 32. Ke2
{[%clk 0:58:31]} Kf6 {[%clk 1:20:17]} 33. Kd2 {[%clk 0:57:06]} Ke5
{[%clk 1:20:03]} 34. Kc3 {[%clk 0:56:18]} c4 {[%clk 1:17:56]} 35. Bb6
{[%clk 0:48:12]} Nd5+ {[%clk 1:13:01]} 36. Kc2 {[%clk 0:46:51]} Nxb6
{[%clk 1:13:29]} 37. Rxb6 {[%clk 0:47:19]} Kd4 {[%clk 1:13:56]} 38. Rb7
{[%clk 0:45:37]} Rf8 {[%clk 1:08:30]} 39. Rd7+ {[%clk 0:45:51]} Kc5
{[%clk 1:08:47]} 40. Kc3 {[%clk 0:46:15]} Kc6 {[%clk 1:08:03]} 41. Ra7
{[%clk 0:46:10]} Kb6 {[%clk 1:01:29]} 42. Re7 {[%clk 1:16:28]} h5
{[%clk 1:30:02]} 43. Kxc4 {[%clk 1:16:31]} Rc8+ {[%clk 1:30:05]} 44. Kd3
{[%clk 1:16:31]} Rd8+ {[%clk 1:29:33]} 45. Ke3 {[%clk 1:16:55]} Kc5
{[%clk 1:28:57]} 46. Rxf7 {[%clk 1:16:52]} Kb4 {[%clk 1:29:18]} 47. Rf4+
{[%clk 1:15:54]} Kb3 {[%clk 1:29:42]} 48. Re4 {[%clk 1:14:43]} Rd1
{[%clk 1:29:29]} 49. f4 {[%clk 1:13:42]} h4 {[%clk 1:24:44]} 50. f5
{[%clk 1:11:48]} Re1+ {[%clk 1:22:26]} 51. Kf3 {[%clk 1:12:14]} Rf1+
{[%clk 1:22:36]} 52. Ke2 {[%clk 1:10:58]} Rxf5 {[%clk 1:22:57]} 53. Rxh4
{[%clk 1:11:03]} Re5+ {[%clk 1:22:45]} 54. Kf3 {[%clk 1:10:31]} Rc5
{[%clk 1:22:36]} 55. Re4 {[%clk 1:10:35]} Rf5+ {[%clk 1:22:02]} 56. Kg4
{[%clk 1:10:34]} Rf8 {[%clk 1:22:17]} 57. h4 {[%clk 1:10:56]} Rg8+
{[%clk 1:22:27]} 58. Kh3 {[%clk 1:11:19]} Rc8 {[%clk 1:22:23]} 59. h5
{[%clk 1:11:42]} 1-0